Δώδεκα διαλέξεις : Παπαδιαμάντης, Κρυστάλλης, Μητσάκης, Μαβίλης, Χρηστομάνος, Τέλλος Αγρας, Γιοσέφ Ελιγιά, Ν. Σκουφάς, σχολεία της σκλαβιάς, η Ηπειρος, η γλώσσα μας, ο ρομαντισμός

Αποθηκεύτηκε σε:
Λεπτομέρειες βιβλιογραφικής εγγραφής
Κύριος συγγραφέας: Περάνθης, Μιχαήλ, 1917-1984
Μορφή: Βιβλίο
Γλώσσα:Greek
Δημοσίευση: Αθήνα : Χιωτέλλη, [1952]
Θέματα:
Ετικέτες: Προσθήκη ετικέτας
Δεν υπάρχουν, Καταχωρήστε ετικέτα πρώτοι!

MARC

LEADER 00000nam a2200000 i 4500
001 1/47192
008 980625s1952 gre d
035 |l 10042997 
040 |a GR-MY-UA  |b gre  |e aacr 
041 0 |a gre 
082 0 |a 889.092 
100 1 |a Περάνθης, Μιχαήλ,   |d 1917-1984. 
245 1 0 |a Δώδεκα διαλέξεις :  |b Παπαδιαμάντης, Κρυστάλλης, Μητσάκης, Μαβίλης, Χρηστομάνος, Τέλλος Αγρας, Γιοσέφ Ελιγιά, Ν. Σκουφάς, σχολεία της σκλαβιάς, η Ηπειρος, η γλώσσα μας, ο ρομαντισμός /  |c Μιχαήλ Περάνθης 
246 3 3 |a 12 διαλέξεις 
260 |a Αθήνα :   |b Χιωτέλλη,   |c [1952] 
300 |a 401 σ.;  |c 18 cm. 
650 0 0 |a Anthologies. 
650 0 0 |a Greek literature  |x History and criticism. 
650 0 0 |a Litterateurs  |z Greece  |x History and criticism. 
852 |a INST  |b SAMOS  |e 19980625  |h 889.092 ΠΕΡ  |p 005300011068  |q 005300011068  |t BK  |y 0 
901 |a BIBL-1998-2 
909 |a Σ  |b 051244 
922 |a 3ΕΛΗ  |b 199709  |c ΔΩΡ  |d ΠΑΡΙΑΝΟΣ